000 01051nam a22002777a 4500
999 _c33889
_d33889
001 3196
003 CO-MdFUSB
005 20180622073133.0
008 180511t1984 mx ||||| |||| 00| 0 spa d
020 _a968-7011-09-2
040 _aCO-MdFUSB
_bspa
_cCO-MdFUSB
_dCO-MdFUSBC
_erda
041 0 _aspa
_heng
082 0 4 _aG 230 M1533r
100 1 _aMackay, Juan A. (Alexander) (1889-)
_eautor
245 0 _aPrefacio a la teología cristiana
_c/ Juan A. Mackay ; Baez-Camargo, Traductor
250 _a3
264 4 _aMéxico, D.F., México :
_bCasa Unida de Publicaciones,
_c©1984
300 _a191 Pag
336 _2rdacontent
_atexto
_btxt
337 _2rdamedia
_asin mediación
_bn
338 _2rdacarrier
_avolumen
_bnc
500 _aTítulo original : A preface to christian theology
505 0 0 _a- El camino moderno a Emmaús - Dos perspectivas:El balcón y el camino -Búsqueda - El drama divino - La verdad es en orden a la bondad - Yo y mi hermano - La iglesia y el orden secualr
650 0 _aFilosofía cristiana
_91056
942 _cBK